000 01097naa a22002777a 4500
001 BR7900741
003 BR-BrBNA
005 20240918174317.0
007 ta
008 230509b bl.||||| |||| 00| 0 por d
040 _aBR-BrBNA
_bpor
_cBiblioteca Nacional de Agricultura
041 _a(Pt)
072 _aH10
_b0230
_bG514
090 _aH10 BR7900741
100 1 _aSouza, H.D de
111 1 _a3. Encontro Nacional de Entomologistas do PLANALSUCAR
_cRecife, PE (Brazil)
_d12 Mar 1978
245 1 _aIntroducao e adaptacao de Apanteles flavipes na Bahia e seu comportamento com relacao aos inimigos naturais nativos da Diatraea [Cana de Acucar; broca; Brasil]
260 3 _aRecife, PE (Brasil):
_c1978.
500 _a3. Encontro Nacional de Entomologistas do PLANALSUCAR Recife, PE (Brasil): 1978. p. 181-188 (BR7900741-AM)H10
650 _aCANA DE ACUCAR
650 _aBROCA
650 _aBAHIA
773 0 _t3. Encontro Nacional de Entomologistas do PLANALSUCAR
_b
_wH10 BR7900741
_gRecife, PE (Brasil), 1978. p. 181-188
909 _a202404
_bLucia
_c55
_dLucia Elande
942 _cAM
_2AGRIS
999 _c310289
_d310289